000 00387nam a22001577a 4500
005 20251108170625.0
008 250721s1994 xx 000 0 eng d
082 1 4 _af/con
100 1 _aconrad, joseph
245 1 0 _alord jim /
264 1 _anew delhi :
_bubs puplishers distributors ltd,
_c1994.
300 _a316p.
650 1 7 _aenglish fiction
942 _2ddc
_cBK
999 _c45061
_d45061